Welcome to the Holygrace Academy Library

Please use search bar below to get started

TINKLE (Record no. 2694)

MARC details
000 -LEADER
fixed length control field 00252nam a22001097a 4500
082 ## - DEWEY DECIMAL CLASSIFICATION NUMBER
Classification number 978-03-5085-915-5
Item number DIG/T
100 ## - MAIN ENTRY--AUTHOR NAME
Personal name DOUBLE DIGEST
245 ## - TITLE STATEMENT
Title TINKLE
260 ## - PUBLICATION, DISTRIBUTION, ETC. (IMPRINT)
Place of publication MUMBAI
Name of publisher AMAR CHITHRAKATHA
650 ## - SUBJECT ADDED ENTRY--TOPICAL TERM
Topical Term ENGLISH SHORT STORY
Geographic subdivision MUMBAI
942 ## - ADDED ENTRY ELEMENTS (KOHA)
Koha item type Books
Holdings
Withdrawn status Lost status Collection code Home library Current library Shelving location Date acquired Source of acquisition Full call number Accession Number Koha item type
    Fiction Main Library Main Library SHELF 3- D- ENGLISH CHILDRENS LITERATURE &MYTHOLOGY 25/11/2019 PURCHASE 978-03-5085-915-5 DIG/T 12011 Books